Представление документа в формате MARC21

Поле Инд. ПП Название Значение
Тип записи a
Библиографический уровень m
001 Контрольный номер 55260127-3b63-4e92-bfd3-1186e52152be
005 Дата корректировки 20140703123344.2
008 Кодируемые данные 031217
020 a ISBN 5-9221-0312-1
c Цена, тираж 280.00
040 a Служба первич. каталог. НБ ТвГУ
041 a Код языка текста rus
080 a Индекс УДК 537(075.8)
084 a Индекс другой классификации/Индекс ББК В33я73-1
090 x Авторский знак К17
a Полочн. индекс В33
100 1_ a Автор Калашников Сергей Григорьевич
245 10 a Заглавие Электричество
b Продолж. заглавия Учеб. пособие для студентов физ. специальностей вузов
c Ответственность С. Г. Калашников
250 a Основные сведения об издании 6-е изд.
b Дополнительные сведения об издании стер.
260 0_ a Место издания М,
b Издательство Физматлит
c Дата издания 2003
300 a Объем 624 с.
b Иллюстрации/ тип воспроизводства ил., табл.
504 a Библиография Предм. указ.: с.621-624.
583 a Действие Получение впервые 328 09.12.2003
k Исполнитель действия Акт передачи
583 a Действие Приписка 238 24.05.2004
k Исполнитель действия ООО "Книжный мир"
583 a Действие Приписка 339 15.12.2003
k Исполнитель действия ООО "Книжный мир"
583 a Действие Приписка 17 04.02.2008
k Исполнитель действия Взамен утраченных
650 a Основная рубрика Электричество
x Основная подрубрика Учебники для вузов
653 a Ключевые слова Электричество
852 t Порядковый номер экземпляра 18
p Инвентарный номер 773365
p Инвентарный номер 785320 280.00
p Инвентарный номер 785319 280.00
p Инвентарный номер 785318 280.00
p Инвентарный номер 785317 280.00
p Инвентарный номер 785316 280.00
p Инвентарный номер 785315 280.00
p Инвентарный номер 785314 280.00
p Инвентарный номер 785313 280.00
p Инвентарный номер 785312 280.00
p Инвентарный номер 785311 280.00
p Инвентарный номер 773366
p Инвентарный номер 773962
p Инвентарный номер 773963
p Инвентарный номер 773964
p Инвентарный номер 773965
p Инвентарный номер 773966
p Инвентарный номер 902430
863 t 00211266
888 a За счет средств "ИнноЦентра"
a За счет средств университета
a Бесплатные
930 a Новая/Ретро учебники
952 p 328.2003 280.00 1 773365
p 328.2003 280.00 1 773366
p 339.2003 280.00 1 773962
p 339.2003 280.00 1 773963
p 339.2003 280.00 1 773964
p 339.2003 280.00 1 773965
p 339.2003 280.00 1 773966
p 238.2004 280.00 1 785311
p 238.2004 280.00 1 785312
p 238.2004 280.00 1 785313
p 238.2004 280.00 1 785314
p 238.2004 280.00 1 785315
p 238.2004 280.00 1 785316
p 238.2004 280.00 1 785317
p 238.2004 280.00 1 785318
p 238.2004 280.00 1 785319
p 238.2004 280.00 1 785320
p 17.2008 280.00 1 902430
c Вид литературы К ру
954 a Дата поступления на обработку 20031231
999 a Подразделение 2 Фил3